La Diputació a Internet [Fitxer informàtic] : Xarxa Telemàtica Provincial : guia ràpida Xarxa Telemàtica Provincial :
Descripción Física:
1 disc òptic (CD-ROM) ; 12 cm
Materias:
Barcelona. Diputació -- Programari
MARC
| LEADER | 00000nam a2200000Ia 4500 | ||
|---|---|---|---|
| 001 | 19816 | ||
| 008 | 160829s9999 xx 000 0 cat d | ||
| 080 | |a CD-1-89 | ||
| 110 | 1 | |a Barcelona (Catalunya : Província). |b Diputació |9 52408 | |
| 245 | |a La Diputació a Internet [Fitxer informàtic] : |b Xarxa Telemàtica Provincial : |b guia ràpida | ||
| 260 | |a Barcelona: |b la Diputació, [2000?] | ||
| 300 | |a 1 disc òptic (CD-ROM) ; |c 12 cm | ||
| 590 | |a Requeriments tècnics: Processador Pentium, 16 MB de RAM, Monitor VGA (mínim 256 colors), CD-ROM, Microsoft Windows 95, Ratolí II. Inclou: fulletó (12 cm) amb instruccions d'instal·lació Internet Explorer 4.01, Macromedia Shockwave Flash, Adobe Acrobat Reader 3.01, Acrobat Control for Active X, Winzip 6.3, Manual XTP i actualitzacions MS Office 97 SR-1 i SR-2 | ||
| 650 | |a Barcelona. Diputació |x Programari |9 45559 | ||
| 901 | |a Arxiu | ||
| 942 | |n 1 | ||
| 952 | |0 0 |1 0 |4 0 |6 CD189 |7 1 |9 52669 |a Arxiu |b Arxiu |d 2016-12-01 |l 0 |o CD-1-89 |p 19816 |r 2016-12-01 00:00:00 |w 2016-12-01 |y ARXIU | ||
| 999 | |c 56518 |d 56518 | ||